VIII. HVIEZDOSLAVOVÝM KUBÍNOM DO NOVÉHO ROČNÍKA STM!

Bibliographic Details
Main Author: Uhlár, Vlado, 1912-1996 (Author)
Format: Article
Language:Slovak

MARC

LEADER 00000nab a2200000 a 4500
001 vtls010726281
003 SK-MaSNL
005 20260304191502.0
008 250709s xo |||||||||||||||||slo|
035 |a (urnnbn)urn:nbn:sk:snk:ar-a04zoz 
035 |a (uuid)c23ebf09-fb88-4664-9e57-ac6866401e84 
035 |a urn:nbn:sk:snk-ab3q0f 
040 |a SNKBUCL  |b slo  |c SNKBUCL  |e AACR2 
041 0 |a slo 
044 |a xo  |c SK 
100 1 |a Uhlár, Vlado,  |4 aut  |d 1912-1996  |9 106775 
245 1 0 |a VIII. HVIEZDOSLAVOVÝM KUBÍNOM DO NOVÉHO ROČNÍKA STM!  |c Vlado Uhlár 
773 0 |t Slovenský jazyk a literatúra v škole : časopis pre otázky jazyka a literatúry  |g Roč. 8-9, č. 4 (1962-1963), s. 125-126 
850 |a Slovenská národná knižnica 
852 |a Slovenská národná knižnica 
954 |a odborná, vedecká literatúra pôvodná (slovenská)  |2 lita 
958 |a article1 
958 |a OND 
958 |a EUIPO 
999 |c 3054530  |d 3056460